Isabel Moctezuma, familia y encomienda /

保存先:
書誌詳細
第一著者: Menegus Bornemann, Margarita (autor.)
その他の著者: Castañeda de la Paz, María (autor.)
フォーマット: eBook
言語:スペイン語
出版事項: Ciudad de México : Universidad Nacional Autónoma de México, 2022.
版:Primera edición.
シリーズ:Material de Lectura. 1521, un atado de vidas ; 2.
主題:
オンライン・アクセス:https://elibro.unach.elogim.com/es/lc/unach/titulos/285113
タグ: タグ追加
タグなし, このレコードへの初めてのタグを付けませんか!

MARC

LEADER 00000nam a2200000 i 4500
001 ELB285113
003 FINmELB
005 20250909132030.5
006 m o d |
007 cr cnu||||||||
008 250903s2022 mx o 000 0 spa d
020 |a 9786073065429  |q (ebook) 
035 |a (OCoLC)1538594739 
040 |a FINmELB  |b spa  |e rda  |c FINmELB 
050 4 |a F1230.M6  |b M464 2022 
080 |a 94(720)".../1521" 
082 0 4 |a 972.018092  |2 23 
100 1 |a Menegus Bornemann, Margarita,  |e autor. 
245 1 0 |a Isabel Moctezuma, familia y encomienda /  |c Margarita Menegus Bornemann y María Castañeda de la Paz. 
250 |a Primera edición. 
264 1 |a Ciudad de México :  |b Universidad Nacional Autónoma de México,  |c 2022. 
300 |a 1 recurso en línea 
336 |a texto  |b txt  |2 rdacontent/spa 
337 |a computadora  |b c  |2 rdamedia/spa 
338 |a recurso en línea  |b cr  |2 rdacarrier/spa 
490 1 |a Material de Lectura. 1521, un atado de vidas ;  |v 2 
588 |a Descripción basada en metadatos suministrados por el editor y otras fuentes. 
590 |a Recurso electrónico. Santa Fe, Arg.: elibro, 2025. Disponible vía World Wide Web. El acceso puede estar limitado para las bibliotecas afiliadas a elibro. 
600 1 4 |a Moctezuma, Isabel,  |d 1509-1550. 
650 4 |a Aztecas  |x Reyes y gobernantes. 
651 4 |a México  |x Historia  |y Conquista, 1519-1540. 
700 1 |a Castañeda de la Paz, María,  |e autor. 
797 2 |a elibro, Corp. 
830 0 |a Material de Lectura.  |p 1521, un atado de vidas ;  |v 2. 
856 4 0 |u https://elibro.unach.elogim.com/es/lc/unach/titulos/285113